00579nam a22001817a 4500008004100000020001400041040005900055041000800114100001700122245004500139260005500184300002400239490004100263650003300304650001900337650002400356650001700380130821s2005 xxu gr eng  a375756515 aCo-BoUCMbspacnuevodAldemar Mondragón (modificó)00aeng1 aKotkin, Joel14aThe city a global historycJoel Kotkin. aNueva York (Estados Unidos)bModern Librarycc2005 axxix, 218 páginas 2aA Modern Library chronicles bookv2104aCiudades y pueblosxHistoria04aCivilización04aSociología urbana04aSociología